| 000 | 00587nam a2200193 i 4500 | ||
|---|---|---|---|
| 001 | 173419 | ||
| 003 | ES-MaACL | ||
| 005 | 20230906215233.0 | ||
| 008 | 091201s1980 pr |||| | spa d | ||
| 020 | _a84-499-1377-2 | ||
| 080 | _a805.0-5 | ||
| 100 | 1 |
_aAgostini de del Río, Amelia. _918577 |
|
| 245 | 1 | 0 |
_aTras mi tesoro / _cAmelia Agostini de del Río. |
| 250 | _a1ª ed. | ||
| 260 |
_aSan Juan de Puerto Rico : _b[s.n.], _c1980 ( _eBarcelona : _fManuel Pareja) |
||
| 300 |
_a414 p. ; _c23 cm. |
||
| 650 | 4 |
_aLengua española- _xGramática. _914161 |
|
| 852 |
_aES-MaACL _jC-56995 |
||
| 999 |
_c173419 _d173419 |
||